| 000 | 00821 a2200217 4500 | ||
|---|---|---|---|
| 008 | 080821t xxu||||| |||| 00| 0 eng d | ||
| 010 | _aENG-85039 | ||
| 020 |
_a8170144051 _c135.00 |
||
| 035 | _aEN-68572 | ||
| 037 | _bD.B.Act / Pub | ||
| 082 | _a320.01 | ||
| 100 | _aGupta, R. L. | ||
| 245 |
_aPolitical theory _cby R. L. Gupta |
||
| 260 |
_aNew Delhi _bSultan Chand and Sons _c2007 (rpr) |
||
| 270 |
_a23, Darya Ganj, _bNew Delhi _cDelhi _e110002 _k23266105 _l23266357 |
||
| 300 |
_axx, 545 p. _c22 cm (Pbk) |
||
| 500 | _aIncludes bibliographical references | ||
| 650 | _aPolitical theory | ||
| 942 |
_adpl _cEN _k320.01 / GUP _2ddc _h320.01 _mGUP |
||
| 999 |
_c940 _d940 |
||